000 00433nam a2200181Ia 4500
001 11806
005 20260306162855.0
008 260306t2017||||xx |||||||||||||| ||spa||
041 _aESP
082 _aHR 200
_bNº 14 2017 PC
110 _aUniversidad Católica San Pablo
245 0 _aPersona y cultura
260 _c2017
300 _a159 páginas :
_c23 cm.
650 _aGEN
654 _aCHU
942 _cREV
_dJUS
_fJUS
_2ddc
_n
999 _c11806
_d11806